Score 0/12 Timer 01:00
2 Plays Today
Hint Answer % Correct
FriendsCorrect 'Friends' Star
93.7%
SeinfeldCorrect 'Seinfeld' Star
89.1%
The Fresh Prince of Bel-AirCorrect 'The Fresh Prince of Bel-Air' Star
88.4%
That '70s ShowCorrect 'That '70s Show' Star
81.1%
CheersCorrect 'Cheers' Star
74.7%
Full HouseCorrect 'Full House' Star
73.5%
The Golden GirlsCorrect 'The Golden Girls' Star
72.6%
Brooklyn Nine-NineCorrect 'Brooklyn Nine-Nine' Star
55.5%
The Big Bang TheoryCorrect 'The Big Bang Theory' Star
53.1%
New GirlCorrect 'New Girl' Star
51.3%
Modern FamilyCorrect 'Modern Family' Star
50.7%
Family MattersCorrect 'Family Matters' Star
50.2%
Remove Ads.
Support Sporcle.
Get the best of Sporcle when you Go Orange. This ad-free experience offers more features, more stats, and more fun while also helping to support Sporcle. Thank you for becoming a member.

You're not logged in!

Compare scores with friends on all Sporcle quizzes.
OR
Log In

Show Comments

Extras

Top Quizzes Today


Score Distribution

Your Account Isn't Verified!

In order to create a playlist on Sporcle, you need to verify the email address you used during registration. Go to your Sporcle Settings to finish the process.

Report this User

Report this user for behavior that violates our Community Guidelines.

Details: